Normal view
MARC view
Entry Topical Term
001 - CONTROL NUMBER
- control field: 32345
003 - CONTROL NUMBER IDENTIFIER
- control field: OSt
005 - DATE AND TIME OF LATEST TRANSACTION
- control field: 20160114161242.0
008 - FIXED-LENGTH DATA ELEMENTS
- fixed length control field: 160114|| aca||aabn | a|a d
040 ## - CATALOGING SOURCE
- Original cataloging agency: OSt
- Transcribing agency: OSt
150 ## - HEADING--TOPICAL TERM
- Topical term or geographic name entry element: History
670 ## - SOURCE DATA FOUND
- Source citation: Work cat.: (OSt): Dr.Bakshi,S.R. 32344, History of The Contemporary World 1942-2000, 2010









